Dow Jones 30 Logos Quiz Stats

 Plays Quiz Updated Feb 1, 2018

Score 0/30 Timer 06:00
0 Plays Today
Hint Answer % Correct
Walt Disney
98.1%
McDonalds
98%
Nike
96.1%
Coca-Cola
95.1%
Apple
91.2%
General Electric
90.4%
Microsoft
87.6%
The Home Depot
86.9%
Johnson & Johnson
86.3%
Intel
83.4%
Visa
82.9%
Walmart
80.5%
Chevron
80%
Verizon
79.9%
3M
79%
Hint Answer % Correct
IBM
78.2%
ExxonMobil
77.4%
Pfizer
74.7%
Goldman Sachs
72.8%
UnitedHealth Group
68.1%
DuPont
66.2%
Caterpillar
64%
Procter & Gamble
62.5%
American Express
60.2%
Cisco
57.3%
JP Morgan Chase
52.9%
The Travelers Companies
51.5%
Boeing
31.3%
Merck
19.9%
United Technologies Corporation
16.5%

You're not logged in!

Compare scores with friends on all Sporcle quizzes.
OR
Log In

You Might Also Like...

Show Comments

Extras

Top Quizzes Today


Score Distribution

Your Account Isn't Verified!

In order to create a playlist on Sporcle, you need to verify the email address you used during registration. Go to your Sporcle Settings to finish the process.

Report this User

Report this user for behavior that violates our Community Guidelines.

Details: